000 01244njm a2200337 c 4500
003 BLK
005 20180421002640.0
008 180410b bul||n||s|||||||| n|bulo|
010 _aCDD00006632000
040 _aBLK
041 _aENG
_cENG
072 7 _2bullib
_aФ0602
_xДокументални филми Ф
080 _aЕвропейски съюз - политически аспекти
_b327.7:061.1ЕС
_x(091)
_z327.7:061.1ЕС(091)
080 _aЕвропейски съюз (икон. аспекти)
_b339.923:061.1ЕС
_x
_z339.923:061.1ЕС
139 _aЗаедно в Европа [видео DVD]
_bЗ 21
245 1 0 _aЗаедно в Европа [видео DVD]
_bОт 1957
257 _aBGR
260 София
_c2007
300 _a(3,58 GB)
_c12 см
380 _a3
500 _aДигитално изд. - Формат PAL 1.35:1 (4:3) ; Бълг. субтитри. МК № 52637/04.10.2007
650 4 _aЕвропейски съюз
_9258188
651 4 _aЕвропа
_9244407
653 _aЕвропейски съюз
659 _aФ
852 _aЦб CD 3129
_p0
856 4 _qpdf
_u
856 4 _qpdf
_u
942 _cCDD
_n0
944 _aCR
_c04.06.2012
_kЛюдмила_Стоянова
944 _aED
_c19.09.2013
_k
999 _c225166
_d225166